Химия циркония: пер. с англ.

Dettagli Bibliografici
Autore principale: Блюменталь У. Б. Уоррен Б.
Altri autori: Комиссарова Л. Н. (редактор), Спицин В. И.
Riassunto:Доп. тит. лист
Lingua:russo
Pubblicazione: Москва, Изд-во иностранной литературы, 1963
Soggetti:
Natura: MixedMaterials Libro
KOHA link:https://koha.lib.tpu.ru/cgi-bin/koha/opac-detail.pl?biblionumber=74438

MARC

LEADER 00000nam0a2200000 4500
001 74438
005 20231031085337.0
035 |a (RuTPU)RU\TPU\book\79389 
090 |a 74438 
100 |a 20050304d1963 k y0rusy50 ca 
101 1 |a rus  |c eng 
102 |a RU 
105 |a a z 001zy 
200 1 |a Химия циркония  |e пер. с англ.  |f У. Б. Блюменталь  |g Под ред. Л. Н. Комиссаровой; В. И. Спицина 
210 |a Москва  |c Изд-во иностранной литературы  |d 1963 
215 |a 341 с.  |c ил. 
300 |a Доп. тит. лист 
320 |a Библиография в конце глав. 
610 1 |a химия 
610 1 |a цирконий 
610 1 |a редкие металлы 
610 1 |a соединения 
610 1 |a силикаты 
610 1 |a техника 
610 1 |a применение 
675 |a 546.8  |v 3 
700 1 |a Блюменталь  |b У. Б.  |g Уоррен Б. 
702 1 |a Комиссарова  |b Л. Н.  |4 340 
702 1 |a Спицин  |b В. И.  |4 340 
801 1 |a RU  |b 63413507  |c 20050304  |g PSBO 
801 2 |a RU  |b 63413507  |c 20060207  |g PSBO 
900 |a Специальная химия 
942 |c BK